| 000 | 00486nam a22001817a 4500 | ||
|---|---|---|---|
| 003 | OSt | ||
| 005 | 20230726151917.0 | ||
| 008 | 230726b |||||||| |||| 00| 0 eng d | ||
| 020 | _a000000 | ||
| 040 | _cDDC | ||
| 082 | _a850 | ||
| 100 | _4Gilson, Etienne | ||
| 245 |
_aDante and philosophy / _c Etienne Gilson and translated by David Moore |
||
| 260 |
_aNew York : _bHarper Torchbooks, _c1949. |
||
| 300 |
_axii, 338 p. : _c20 cm. |
||
| 500 | _aIncludes index. | ||
| 942 |
_2ddc _cCIRC |
||
| 999 |
_c19659 _d19657 |
||